| 000 | 00681nas a2200217 4500 | ||
|---|---|---|---|
| 005 | 20190219165825.0 | ||
| 008 | 190219b xxu||||| |||| 00| 0 spa d | ||
| 022 | _a16593383 | ||
| 082 | _aInvestiga. TEC. Mes enero, Número 34, 2012 | ||
| 245 | _aDiscapacidad: inclusión | ||
| 260 | _aCosta Rica | ||
| 260 | _bTecnológico de Costa Rica | ||
| 260 | _c2012 | ||
| 300 | _a23 páginas | ||
| 440 |
_aInvestiga.TEC _n34 _vEnero _952367 |
||
| 650 |
_aDISCAPACIDAD _92359 |
||
| 650 |
_aINCLUSIÓN _925599 |
||
| 650 |
_aACCESIBILIDAD DIGITAL _952368 |
||
| 942 | _cREV | ||
| 773 | 0 |
_09516 _932830 _a _b _dCosta Rica Tecnológica de Costa Rica 2017 _oIT1234ENE _tInvestiga. TEC _w _x16593383 _z |
|
| 999 |
_c11652 _d11652 |
||